Hodnotenie využívania produkčnej kapacity vo vybranom podniku bakalárska práca

Na minha lista:
Detalhes bibliográficos
Autor principal: Majerová, Zdenka
Autor Corporativo: Fakulta podnikového manažmentu EU. Katedra podnikovohospodárska
Outros Autores: Rybárová, Daniela, 1967-
Formato: Livro
Idioma:eslovaco
Publicado em: Bratislava 2018
Tags: Adicionar Tag
Sem tags, seja o primeiro a adicionar uma tag!

MARC

LEADER 00000nbm a2200000 4500
001 0244790
005 20181009111937.7
041 0 |a slo 
044 |a SK 
245 1 0 |a Hodnotenie využívania produkčnej kapacity vo vybranom podniku  |b bakalárska práca  |c Zdenka Majerová ; školiteľ: Daniela Rybárová 
264 1 |a Bratislava  |c 2018 
300 |a 44 s. 
100 1 |a Majerová, Zdenka 
700 1 |a Rybárová, Daniela, 1967- 
710 2 |a Fakulta podnikového manažmentu EU. Katedra podnikovohospodárska